| 000 | 02617cam a2200385 i 4500 | ||
|---|---|---|---|
| 999 |
_c233048 _d233048 |
||
| 001 | 18852227 | ||
| 003 | Nust | ||
| 005 | 20170228105855.0 | ||
| 008 | 151110t20162016maua 001 0 eng | ||
| 010 | _a 2015036125 | ||
| 020 | _a9780321934925 (student edition) | ||
| 020 | _a032193492X (student edition) | ||
| 020 | _a9780134145792 (Books a la Carte) | ||
| 020 | _a0134145798 (Books a la Carte) | ||
| 040 |
_aDLC _beng _cASAB _erda _dDLC |
||
| 042 | _apcc | ||
| 050 | 0 | 0 |
_aQH581.2 _b.B43 2016 |
| 082 | 0 | 0 |
_a571.6 _223 |
| 100 | 1 |
_aHardin, Jeff, _eauthor. |
|
| 245 | 1 | 0 |
_aBecker's World of the cell / _cJeff Hardin, University of Wisconsin-Madison, Gregory Bertoni, The Plant Cell. |
| 246 | 3 | 0 | _aWorld of the cell |
| 250 | _aNineth Edition. | ||
| 264 | 1 |
_aBoston : _bPearson, _c[2016] |
|
| 264 | 4 | _c©2016 | |
| 300 |
_a1 volume (various pagings) : _billustrations (some color) : _c28 cm |
||
| 336 |
_atext _2rdacontent |
||
| 337 |
_aunmediated _2rdamedia |
||
| 338 |
_avolume _2rdacarrier |
||
| 500 | _aIncludes index. | ||
| 505 | 0 | _aA preview of cell biology -- The chemistry of the cell -- The macromolecules of the cell -- Cells and organelles -- Bioenergetics : the flow of energy in the cell -- Enzymes : the catalysts of life -- Membranes : their structure, function, and chemistry -- Transport across membranes : overcoming the permeability barrier -- Chemotrophic energy metabolism : glycolysis and fermentation -- Chemotrophic energy metabolism : aerobic respiration -- Phototrophic energy metabolism : photosynthesis -- The endomembrane system -- Cytoskeletal systems -- Cellular movement : motility and contractility -- Beyond the cell : cell adhesions, a "Cell Junctions, and Extracellular Structures" -- The structural basis of cellular information : DNA, chromosomes, and the nucleus -- DNA replication, repair, and recombination -- Gene expression : the genetic code and transcription -- Gene expression : protein synthesis and sorting -- The regulation of gene expression -- Molecular biology techniques for cell biology -- Signal transduction mechanisms : I. Electrical and synaptic signaling in neurons -- Signal transduction mechanisms: II. Messengers and receptors -- The cell cycle and mytosis -- Sexual reproduction, meiosis, and genetic recombination -- Cancer cells. | |
| 650 | 0 | _aCytology. | |
| 650 | 0 | _aMolecular biology. | |
| 700 | 1 |
_aBertoni, Gregory, _eauthor. |
|
| 906 |
_a7 _bcbc _corignew _d1 _eecip _f20 _gy-gencatlg |
||
| 942 |
_2ddc _cBK |
||